000 00816nam a22002292 4500
001 0000020483
005 20151217152215.0
008 110920s xx 000 0 eng d
020 _a0393978796 :
040 _aKABU
_cKABU
100 1 _aMachlis, Joseph.
_@0000181574
245 1 4 _aThe Enjoyment of music :
_ban introduction to perceptive listening /
_cJoseph Machlis, Kristine Forney.
250 _a9th/shorter ed.
260 _aNew York :
_bW. W. Norton,
_c2003.
300 _axxix, 516 p. +
_e1 Student resource CD and 4 CDs Norton recordings.
650 0 _aMusic appreciation.
_@0000151960
700 1 _aForney, Kristine.
_@0000151962
852 1 _9p2800 KES
852 1 _9p2800 KES
908 _a110920
950 _@1
999 _c9356
_d9356